<?xml version="1.0" encoding="UTF-8"?>
<marc:record xmlns:marc="http://www.loc.gov/MARC21/slim">
   <marc:leader>00000nam a2200000 a 4500</marc:leader>
   <marc:datafield ind1="1" ind2=" " tag="100">
      <marc:subfield code="a">Haller, Elias</marc:subfield>
      <marc:subfield code="4">aut</marc:subfield>
      <marc:subfield code="e">Verfasser/-in</marc:subfield>
   </marc:datafield>
   <marc:datafield ind1="0" ind2="0" tag="245">
      <marc:subfield code="a">Küstenstill</marc:subfield>
   </marc:datafield>
   <marc:datafield ind1=" " ind2="1" tag="264">
      <marc:subfield code="b">Edition M</marc:subfield>
      <marc:subfield code="c">2019</marc:subfield>
   </marc:datafield>
   <marc:datafield ind1="1" ind2=" " tag="520">
      <marc:subfield code="a">Das Foto einer schrecklich zugerichteten Frauenleiche wird zusammen mit einer kryptischen Botschaft auf Instagram gepostet. Hardy Finkel, der nach zwanzig Jahren beim BKA in die Ostseeregion zurückgekehrt ist, wird gleich am ersten Arbeitstag zusammen mit seiner neuen Partnerin Greta Silber mit diesem grausamen Fall betraut.  Als ein weiteres Opfer auftaucht und dadurch der Ermittlungsdruck steigt, stoßen Hardy und Greta auf weitere Puzzleteile. Bald wird klar, dass sie einen perfiden Gegner jagen. Je näher die beiden Kommissare dem Täter kommen, umso mehr wird Hardy von seiner Vergangenheit eingeholt. Eine Vergangenheit, die lange Zeit still geruht hat ...</marc:subfield>
   </marc:datafield>
   <marc:datafield ind1=" " ind2=" " tag="020">
      <marc:subfield code="a">9782919801817</marc:subfield>
      <marc:subfield code="9">9782919801817</marc:subfield>
   </marc:datafield>
</marc:record>
